00673nam a2200181 i 450000100060000000300090000600500170001500700030003200800410003510000420007624500970011826000390021530000220025470000440027685200320032099900170035295201220036975311ES-MaACL20250919111021.0t|040923s1971 sp ||||1| spa d1 aGramsci, Antonio, d1891-1937924150613aLa política y el estado moderno / cAntonio Gramsci ; [traducción de Jordi Solé-Tura]. aBarcelona : bPenínsula, c1971. a209 p. ; c18 cm.1 aSolé Tura, Jordi, d1930-20099107136 aES-MaACLjC-50211 bR.80309 c75311d75311 00104070aATENEOMbATENEOMcDEPO2d2008-01-17eSCl0oC-50211p1078826r2023-02-23 00:00:00w2023-02-23yMONOGRAFIA